Effect of various fertilizer application on growth and yield of phkaromduol rice ប្រសិទ្ទិភាពនៃការប្រើប្រាស់ជីប្រភេទខុសៗគ្នាលើការលូតលាស់ និងទិន្នផលពូជផ្ការំដួល (Record no. 1136)

000 -LEADER
fixed length control field 00671nam a22001577a 4500
003 - CONTROL NUMBER IDENTIFIER
control field OSt
005 - DATE AND TIME OF LATEST TRANSACTION
control field 20150923144918.0
008 - FIXED-LENGTH DATA ELEMENTS--GENERAL INFORMATION
fixed length control field 150923b xxu||||| |||| 00| 0 eng d
040 ## - CATALOGING SOURCE
Transcribing agency RUA
082 ## - DEWEY DECIMAL CLASSIFICATION NUMBER
Classification number AGR UK 2010 B046 Or.1
100 ## - MAIN ENTRY--PERSONAL NAME
9 (RLIN) 1193
Personal name UK, VEASNE
245 ## - TITLE STATEMENT
Title Effect of various fertilizer application on growth and yield of phkaromduol rice ប្រសិទ្ទិភាពនៃការប្រើប្រាស់ជីប្រភេទខុសៗគ្នាលើការលូតលាស់ និងទិន្នផលពូជផ្ការំដួល
260 ## - PUBLICATION, DISTRIBUTION, ETC. (IMPRINT)
Place of publication, distribution, etc. Phnom Penh
Name of publisher, distributor, etc. RUA
Date of publication, distribution, etc. 2010
300 ## - PHYSICAL DESCRIPTION
Extent x, 65p
Other physical details ill.
Dimensions 29cm.
942 ## - ADDED ENTRY ELEMENTS (KOHA)
Source of classification or shelving scheme
Koha item type AGR
Holdings
Price effective from Date last seen Permanent Location Not for loan Date acquired Source of classification or shelving scheme Koha item type Lost status Withdrawn status Date last checked out Total Checkouts Shelving location Damaged status Barcode Current Location Full call number
2015-09-232026-01-08Library Block B 2015-09-23 AGR  2025-11-254B046 RUA006904Library Block BAGR UK 2010 B046 Or.1
2015-09-232023-12-20Library Block B 2015-09-23 AGR  2023-12-074B046 RUA006277Library Block BAGR UK 2010 B046 Or.2
2015-09-232024-01-23Library Block B 2015-09-23 AGR  2023-12-152B046 RUA008859Library Block BAGR UK 2010 B046 Or.3
2015-09-232023-05-17Library Block B 2015-09-23 AGR  2023-05-058B046 RUA006793Library Block BAGR UK 2010 B046 Or.4
2015-09-232019-11-29Library Block B 2015-09-23 AGR  2019-11-154B046 RUA006223Library Block BAGR UK 2010 B046 Or.5
2015-09-232015-09-23Library Block B 2015-09-23 AGR    B046 RUA006814Library Block BAGR UK 2010 B046 Or.6
មជ្ឈមណ្ឌលឯការនៃសាកលវិទ្យាល័យភូមិន្ទកសិកម្មចំការដូង

Powered by Koha